Quiz kulinarny - Statystyki

Ogólne statystyki
  • Ten quiz został rozwiązany 101 razy
  • Średni wynik to 11 z 17
Statystyki odpowiedzi
Zagadnienie Odpowiedź % Poprawnych
Do przygotowania sznycla wiedeńskiego niezbędna jest: Cielęcina
91%
W kokilkach najczęściej podajemy: Crème brûlée
91%
Churros - hiszpańskie podłużne pączki - są najczęściej serwowane z: Cukrem pudrem i sosem czekoladowym
82%
Z jakiego kraju pochodzi ser Gouda ? Holandii
82%
Klasyczne, francuskie makaroniki powstają na bazie: Mąki z migdałów
82%
Kotlet de volaille przyrządzany jest: z piersi kurczaka
82%
Wiedeński tort Sachera zawsze ma warstwę marmolady. O jakim smaku? Morelowym
77%
Tarte Tatin to francuskie ciasto podobne do polskiej: Szarlotki
73%
Charakterystyczny smak crème brûlée zawdzięcza: Wanilii
73%
Julienne nazywamy: Technikę krojenia warzyw lub mięsa na długie, równe i cienkie słupki
68%
Śląskie kotlety mielone przygotowane z mięsa wieprzowego to: Karminadle
64%
Oryginalny quiche lorraine to placek z nadzieniem: Z masy śmietanowej z boczkiem i cebulą
64%
Baklawa, czyli grecki deser z orzechami, jest zrobiony z ciasta: Francuskiego
45%
Z jakiego kraju pochodzi Havarti ? Danii
36%
Z jakiego kraju pochodzi Gruyere ? Szwajcarii
27%
Vol-au-vent ma kształt: Okręgu
23%
Panierowany i usmażony kawałek żółtego sera nazywany jest: kotletem rzymskim
18%
Nie znaleziono quizów pasujących do podanych kryteriów
Rozkład punktacji
Procent ludzi z każdym wynikiem
Percentyl według liczby udzielonych odpowiedzi
Twoja historia wyników
Nie rozwiązałeś tego quizu